000 00707nam a2200241Ia 4500
003 OSt
005 20220930063635.0
006 a|||||r|||| 00| 0
007 ta
008 220926b |||||||| |||| 00| 0 eng d
024 _a3121
037 _cTheses
040 _aCRL
_cCRL
_beng
041 _2eng
_aeng
100 _aBhardwaj Rema
_9523288
110 _aUniversity of Delhi. Faculty of Arts. Department of Psychology
_9169788
245 0 _aRetirement ageing
_b A longitudinal psycho-social analysis
260 _c1996
650 _aPSYCHOLOGY
700 _aUniversity of Delhi. Faculty of Arts. Department of Psychology
_9169789
942 _cDIS
_2CC
999 _c857125
_d857125